Loreto College Library, Kolkata
WEBOPAC (ONLINE PUBLIC ACCESS CATALOGUE)

The feminist history reader (Record no. 41375)

MARC details
000 -LEADER
fixed length control field 00583nam a22002177a 4500
005 - DATE AND TIME OF LATEST TRANSACTION
control field 20180109114902.0
008 - FIXED-LENGTH DATA ELEMENTS--GENERAL INFORMATION
fixed length control field 180109b xxu||||| |||| 00| 0 eng d
020 ## - ISBN | অাই এস বি এন
ISBN | অাই এস বি এন 978138292925 (pbk)
PRICE ₹ 1995.00
040 ## - CATALOGING SOURCE
Original cataloging agency Loreto College
041 ## - LANGUAGE CODE
Language code English
082 ## - DDC | ডিউই
Classification number | বর্গসংখ্যা 305.4
Book Number | গ্রন্থাঙ্ক MOR
245 03 - TITLE STATEMENT | অাখ্যা বিবরণী
Title | অাখ্যা The feminist history reader
Statement of responsibility | লেখকের দায়িত্বের বিবরণ Edited by Sue Morgan
260 ## - IMPRINT | প্রকাশনা ক্ষেত্র
Place of publication | প্রকাশ স্থান Oxon
Name of publisher | প্রকাশকের নাম Routledge
Date of publication | প্রকাশ কাল 2006
300 ## - PHYSICAL DESCRIPTION |
Page / Vol. No | পৃষ্ঠা / খন্ড সংখ্যা 417 p.
Other physical details | অনান্য বাহ্যিক বিবরণ 22 cm.
650 ## - SUBJECT ADDED ENTRY--TOPICAL TERM | বিষয় শিরোনাম - মূল বিষয়
Topical term | মূল বিষয় Women-History
650 ## - SUBJECT ADDED ENTRY--TOPICAL TERM | বিষয় শিরোনাম - মূল বিষয়
Topical term | মূল বিষয় Women-Historiography
650 ## - SUBJECT ADDED ENTRY--TOPICAL TERM | বিষয় শিরোনাম - মূল বিষয়
Topical term | মূল বিষয় Feminism-Historiography
700 1# - ADDED ENTRY--PERSONAL NAME | অতিরিক্ত সংলেখ - ব্
Relator code | দায়িত্ব নির্দেশক ed.
Personal name | ব্যাক্তিনাম Morgan, Sue
850 ## - HOLDING INSTITUTION
Holding institution LCBED
942 ## - ADDED ENTRY ELEMENTS (KOHA)
Koha item type Books
Holdings
Withdrawn status Lost status Source of classification Damaged status Not for loan Home library Current library Date acquired Price Total Checkouts Full call number Accession No. Date last seen Price effective from Koha item type
    Dewey Decimal Classification     Loreto College Loreto College 09/01/2018 0.00   305.4 MOR 15460 45277 09/01/2018 09/01/2018 Books